Statistics for Biggest Cities in the European Union by Letter - P

Click here to take the quiz!

General Stats

  • This quiz has been taken 174 times
  • The average score is 12 of 20

Answer Stats

Rank Population Country Hint City % Correct
12,220,000FranceEiffel Tower, LouvreParis
100%
21,281,000Czech RepublicCharles BridgePrague
99%
9238,000PortugalPort WinePorto
95%
3674,000ItalyCosa NostraPalermo
94%
5403,000SpainMallorcaPalma de Mallorca
86%
12196,000SpainRunning of the BullsPamplona
81%
8241,000United KingdomPilgrim FathersPlymouth
77%
7245,000United KingdomIsle of WightPortsmouth
71%
14193,000ItalyProsciuttoParma
67%
4540,000PolandSaint Martin's CroissantsPoznań
60%
17171,000Czech RepublicPilsner beerPlzeň
55%
6343,000BulgariaRemains from antiquityPlovdiv
53%
10210,000ItalyGalileo GalileiPadua
53%
18168,000GermanyBorders BerlinPotsdam
47%
13195,000GreeceOn PeloponnesePatras
37%
20164,000GreeceLargest passenger port in EuropePiraeus
32%
19166,000ItalyLago TrasimenoPerugia
27%
16171,000United Kingdomthe FensPeterborough
26%
15191,000ItalyBiscottiPrato
17%
11210,000RomaniaPrahova ValleyPloiești
17%

Score Distribution

Percentile by Number Answered

Percent of People with Each Score

Your Score History

You have not taken this quiz